| 000 | 01281 a2200265 4500 | ||
|---|---|---|---|
| 005 | 20080910160537.0 | ||
| 008 | 080910t xxu||||| |||| 00| 0 hin d | ||
| 010 | _aHIN-79534 | ||
| 020 |
_a8181661540 _c120.00 |
||
| 035 | _aHN-51880 | ||
| 037 | _bD.B.Act / pub | ||
| 082 | _aउ | ||
| 100 | _aगोर्की, मक्सीम | ||
| 245 |
_aमाँ _cमक्सीम गोर्की,अनुवादक मुनीश नारायण सक्सेनाःसंपादक अनिल जनविजय |
||
| 246 |
_aMaa _bby Maxim Gorky |
||
| 260 |
_aदिल्ली _bमेधा बुक्स _c2006 |
||
| 270 |
_aएक्स-11,नवीन शाहदरा _bदिल्ली _e110032 _k22323672 _mmedhabooks@rediffmail.com |
||
| 300 |
_a352पृ _c22 सेमी (अजिल्द) |
||
| 650 | _aहिन्दी उपन्यास | ||
| 650 | _aHindi Novel | ||
| 700 | _aसक्सेना, नारायण | ||
| 700 | _aजनविजय अनिल | ||
| 942 |
_adpl _cHN _kउ / गोर्कीम _2ddc _hउ _mगोर्कीम |
||
| 999 |
_c2930 _d2930 |
||